000
00296nam a22001337a 4500
008
170406b xxu||||| |||| 00| 0 eng d
020
_a
9780781752169
041
_a
eng
080
_a
611.018
100
_a
9
101
_a
SHM
245
_a
COLOR ATLAS HISTOLLOGY
_c
GRTNER.P.L
942
_2
udc
_c
BK
999
_c
10032
_d
10032